000 00804nam a22002297a 4500
999 _c4653
_d4653
003 AR-CdUCM
008 190311b ||||| |||| 00| 0 spa d
040 _aMUNICIPALIDAD PROVINCIAL DEL CUSCO
_cBIBLIOTECA MUNICIPAL DEL CUSCO
082 _a860.41 /
_bA37
100 _aAlegría, Fernando
_910703
245 _aLa novela Hispano Americana siglo XX /
260 _aBuenos Aires :
_bCentro Editor de América Latina,
_c1967.
300 _a62 páginas ;
_c18 cm.
440 _aEnciclopedia literaria
_n17
_914484
500 _aDonación de Luis Nieto
505 _aContenido: La novela modernista -- El regionalismo mundonovista -- EL neorrealismo -- Bibliografia.
650 _aHispanoamérica
_9886
650 _aNovela
_9572
650 _aRegionalismo
_95410
942 _2ddc
_cLIBROS
945 _adavv